Cities with most Ultra Orthodox Jews (Hareidim) - Statistics

General Stats
  • This quiz has been taken 224 times
    169 since last reset
  • The average score is 17 of 37
Answer Stats
Country Population Answer % Correct
United States 325,000+ New York City
100%
Israel 312,000 Jerusalem
98%
United States 20,000 Los Angeles
98%
Israel 10,400 Tel Aviv - Yaffo
85%
United Kingdom 50,00 London
83%
France 10,000-20,000 Paris
81%
United States <5,000 Boston
80%
United States 20,000-25,000 Chicago
80%
Canada 5,000-10,000 Toronto
79%
United States 20,000-50,000 Miami area (Incl. Boca Raton, Hollywood)
77%
Israel 18,100 Haifa
76%
Canada 18,500 Montreal (Incl. Kiryas Tosh)
69%
Argentina 5,000-13,000 Buenos Aires
67%
Belgium 15,000 Antwerp
66%
United States <5,000 Philadelphia
65%
South Africa 23,000 Johannesburg
64%
Australia 7,500 Melbourne
63%
United States 19,000 Baltimore
41%
Israel 57,600 Ashdod
35%
Israel 193,000 Bnei Brak
32%
Israel 15,400 Natanya
32%
United States <5,000 Denver
27%
United States 90,000 Lakewood, NJ
26%
United States 38,500 Kiryas Joel, NY
22%
Israel 24,300 Petach Tikva
20%
Israel 94,600 Beit Shemesh
16%
United States 85,000 Monsey, NY(Incl. Spring Valley, Airmont, Pomona, New Square, Suffern)
16%
Israel 18,100 Safed
15%
Israel 9,100 Tibereas
15%
Israel 77,600 Modi'in Ilit
11%
Israel 60,000 Beitar Ilit
10%
United States 30,000 Five Towns, NY
8%
Israel 17,400 Rehovot
7%
Israel 9,600 Kiryat Gat
5%
Israel 44,400 El'ad
2%
Israel 9,300 Ofakim
2%
Israel 18,200 Netivot
1%
No matching quizzes found
Score Distribution
Percent of People with Each Score
Percentile by Number Answered
Your Score History
You have not taken this quiz since the last reset